Memoria correspondiente al curso académico de 1878-79. (Record no. 181124)

MARC details
000 -LEADER
campo de control de longitud fija 00651nam a2200157 i 4500
001 - NÚMERO DE CONTROL
campo de control 181124
003 - IDENTIFICADOR DE NÚMERO DE CONTROL
campo de control ES-MaACL
005 - FECHA Y HORA DE LA ÚLTIMA TRANSACCIÓN
campo de control 20230906221258.0
008 - DATOS DE LONGITUD FIJA--INFORMACIÓN GENERAL
campo de control de longitud fija 121022s1879 sp |||| | spa d
110 0# - ENTRADA PRINCIPAL--NOMBRE DE ENTIDAD CORPORATIVA
Nombre de entidad corporativa o nombre de jurisdicción como elemento de entrada Universidad Literaria de Sevilla.
9 (RLIN) 7391
245 10 - MENCIÓN DEL TÍTULO
Título Memoria correspondiente al curso académico de 1878-79.
260 ## - PUBLICACIÓN, DISTRIBUCIÓN, ETC.
Lugar de publicación, distribución, etc. Sevilla :
Nombre del editor, distribuidor, etc. [s.n.],
Fecha de publicación, distribución, etc. 1879 (
Fabricante Imp. y Librería Extrangera, de Rafael Tarascó y Lassa)
300 ## - DESCRIPCIÓN FÍSICA
Extensión 12, [4] p. [7] h. pleg., [72] p. ;
Dimensiones 28 cm.
610 24 - PUNTO DE ACCESO ADICIONAL DE MATERIA--NOMBRE DE ENTIDAD CORPORATIVA
Nombre de entidad corporativa o nombre de jurisdicción como elemento de entrada Universidad Literaria de Sevilla-
Subdivisión de forma Memorias.
9 (RLIN) 153702
852 ## - LOCALIZACIÓN
Ubicación ES-MaACL
Número de control de estantería T-392-F-6
Nota libre .- Enc. hol.
-- .- Falto de la cub. original
-- .- Enc. en un vol. facticio
Holdings
Estatus retirado Estado de pérdida Estado de daño No para préstamo Colección Biblioteca de origen Biblioteca actual Ubicación en estantería Fecha de adquisición Fuente de adquisición Total de préstamos Signatura topográfica completa Código de barras Visto por última vez Precio de reemplazo Tipo de ítem Koha
        Colección de folletos Biblioteca del Ateneo de Madrid Biblioteca del Ateneo de Madrid Depósito folletos 22/10/2012     T-392-F-6 1190335 23/02/2023 23/02/2023 Folleto